00451nam a2200109Ia 4500008004100000100002100041245008300062260007600145650002700221999001900248952007400267160725s9999 xx 000 0 und d aIgnacio, Aris E. 2aA simulation-based implementation of the five basic models of neural networks. bKaizen Research Journal College of Information TechnologycJanuary 2014 aINFORMATION TECHNOLOGY c298008d298008 001040aAbAcARd2016-07-25l0r2016-07-25 00:00:00w2016-07-25ySV